000
00265nam a22001217a 4500
008
180228b xxu||||| |||| 00| 0 eng d
041
_a
eng
080
_a
658
100
_a
54
101
_a
MAN
245
_a
MANGEMENT DECISION MAKING
_c
PAUL.S.G
942
_2
udc
_c
BK
999
_c
43674
_d
43674